One Piece All Bounties - Statistics

General Stats
  • This quiz has been taken 87 times
    74 since last reset
  • The average score is 63 of 145
Answer Stats
Hint Answer % Correct
3,000,000,000 Monkey D. Luffy
100%
1,000 Chopper
97%
3,000,000,000 Trafalgar D. Water Law
90%
5,564,000,000 Gol D. Roger
87%
1,111,000,000 Roronoa Zoro
87%
3,000,000,000 Eutass Kid
84%
4,611,000,000 Kaido
84%
1,032,000,000 Vinsmoke Sanji
84%
1,500 Bepo
81%
4,388,000,000 Charlotte Linlin
81%
1,965,000,000 Crocodile
81%
3,590,000,000 Dracule Mihawk
81%
5,046,000,000 Edward Newgate
81%
366,000,000 Nami
81%
930,000,000 Nico Robin
81%
383,000,000 Brook
77%
3,189,000,000 Buggy
77%
1,057,000,000 Charlotte Katakuri
77%
72,000,000 Doc Q
77%
4,048,000,000 Figarland Shanks
77%
1,100,000,000 Jinbe
77%
1,320,000,000 Queen
77%
320,000,000 Jewelry Bonney
74%
1,390,000,000 King
74%
3,996,000,000 Marshall D. Teach
74%
394,000,000 Franky
71%
1,374,000,000 Marco
71%
500,000,000 Usopp
71%
20,000,000 Arlong
68%
61,000,000 Lao G
68%
550,000,000 Portgas D. Ace
68%
1,000,000,000 Jack
65%
5,000,000 Alvida
61%
1,659,000,000 Boa Hancock
61%
350,000,000 Capone Bege
61%
200,000,000 Killer
61%
16,000,000 Kuro
61%
320,000,000 Basil Hawkins
58%
1,800,000,000 Brogy
58%
860,000,000 Charlotte Cracker
58%
120,000,000 Charlotte Mont-d'Or
58%
700,000,000 Charlotte Perospero
58%
932,000,000 Charlotte Smoothie
58%
26,000,000 Demalo Black
58%
17,000,000 Don Krieg
58%
1,800,000,000 Dorry
58%
108,000,000 Urouge
58%
296,000,000 Bartolomew Kuma
55%
480,000,000 Black Maria
55%
340,000,000 Donquixote Doflamingo
55%
320,000,000 Gecko Moria
55%
20,000,000 Jesus Burgess
55%
2,600,000,000 Loki
55%
350,000,000 Scratchman Apoo
55%
546,000,000 Who's Who
55%
300,000,000 Charlotte Oven
52%
600,000,000 Charlotte Snack
52%
602,000,000 Sabo
52%
222,000,000 X Drake
52%
32,000,000 Bon Clay
48%
12,000,000 Gin
48%
290,000,000 Page One
48%
99,000,000 Trebol
48%
400,000,000 Ulti
48%
300,000,000 Charlotte Daifuku
45%
24,000,000 Galdino
45%
99,000,000 Pica
45%
472,000,000 Sasaki
45%
64,000,000 Van Augur
45%
200,000,000 Bartolomeo
42%
195,000,000 Bellamy
42%
5,500,000 Chew
42%
230,000,000 Fisher Tiger
42%
8,000,000 Hatchan
42%
42,200,000 Laffitte
42%
542,000,000 Chinjao
39%
75,000,000 Daz Bones
39%
99,000,000 Diamante
39%
8,000,000 Higuma
39%
3,333,333 Pandaman
39%
210,000,000 Sai
39%
58,000,000 Senor Pink
39%
330,000,000 Cavendish
35%
480,000,000 Edward Weevil
35%
9,000,000 Jango
35%
9,000,000 Kuroobi
35%
14,000,000 Bluejam
32%
40,000,000 Boa Sandersonia
32%
300,000,000 Caesar Clown
32%
7,800,000 Dadan
32%
15,000,000 Dellinger
32%
457,000,000 Belo Betty
29%
40,000,000 Boa Marigold
29%
24,000,000 Foxy
29%
400,000,000 Karasu
29%
293,000,000 Morley
29%
79,000,000 Nico Olvia
29%
429,000,000 Tamago
29%
7,000,000 Buchi
26%
210,000,000 Caribou
26%
10,000,000 Gem
26%
316,000,000 Lindbergh
26%
550,000,000 Little Oars. Jr
26%
24,000,000 Lola
26%
11,000,000 Machvise
26%
7,500,000 Mikita
26%
148,000,000 Orlumbus
26%
382,000,000 Pedro
26%
330,000,000 Pekoms
26%
7,000,000 Sham
26%
35,000,000 Zala
26%
3,200,000 Babe
23%
190,000,000 Coribou
23%
31,000,000 Gladius
23%
25,000,000 Mont Blanc Cricket
23%
105,000,000 Bobbin
19%
190,000,000 Ginny
19%
510,000,000 Izou
19%
20,000,000 Rock
19%
210,000,000 Squard
19%
14,000,000 Drophy
16%
67,000,000 Gambia
16%
29,000,000 Marianne
16%
3,400,000 Porchemy
16%
94,000,000 Rockstar
16%
38,000,000 Sarquiss
16%
95,000,000 Vito
16%
57,000,000 Kelly Funk
13%
23,000,000 Masira
13%
90,000,000 Gotti
10%
73,000,000 Gyro
10%
36,000,000 Shoujou
10%
67,000,000 Suleiman
10%
92,000,000 Albion
6%
36,000,000 Bobby Funk
6%
80,060,000 Chadros Higelyges
6%
60,000,000 Devil Dias
6%
88,000,000 Lip Doughty
6%
36,000,000 Mikazuki
6%
52,000,000 Peachbeard
6%
75,000,000 Raccoon
6%
42,000,000 Roshio
6%
20,000,000 Scotch
6%
10,000,000 Wellington
6%
17,000,000 Lacuba
3%
No matching quizzes found
Score Distribution
Percent of People with Each Score
Percentile by Number Answered
Your Score History
You have not taken this quiz since the last reset